ბათუმის შოთა რუსთაველის სახელმწიფო უნივერსიტეტის ბიბლიოთეკა

რეკრეაციული და სამკურნალო ტურიზმის განვითარების შესაძლებლობები ატიპიური ეკონომიკური კრიზისის პირობებში( აჭარის ავტონომიური რესპუბლიკის მაგალითზე) (ბიბ.ჩანაწერი № 58720)

000 -ლიდერი
ფიქსირებული სიგრძის საკონტროლო ველი 02354nam a22002177a 4500
003 - საკონტროლო ნომრის იდენტიფიკატორი
საკონტროლო ველი Ge_BSU
005 - ბოლო ოპერაციის თარიღი და დრო
საკონტროლო ველი 20230331125734.0
008 - ფიქსირებული სიგრძის მონაცემთა ელემენტები - ზოგადი ინფორმაცია
ფიქსირებული სიგრძის საკონტროლო ველი 220707s2022ge xxu||||| |||| 00| 0 geo d
041 ## - ენის კოდი
Language code of text/sound track or separate title geo
080 ## - უნივერსალური ათობითი კლასიფიკაციის ინდექსი
Universal Decimal Classification number 33 ბ-19
100 ## - მთავარი ჩანაწერი - პიროვნების სახელი
Personal name ბაკურიძე,სოფიო
9 (RLIN) 14302
245 ## - ცნობა სათაურის შესახებ
Title რეკრეაციული და სამკურნალო ტურიზმის განვითარების შესაძლებლობები ატიპიური ეკონომიკური კრიზისის პირობებში( აჭარის ავტონომიური რესპუბლიკის მაგალითზე)
Remainder of title დისერტაცია: /
Statement of responsibility, etc სოფიო ბაკურიძე, სამეცნ.ხელმძღ.რეზო მანველიძე
264 ## - წარმოების, გამოცემის, დისტრიბუციის და სხვა ცნობები
გამოცემის, წარმოების, დისტრიბუციის... ადგილი ბათუმი:
გამოცემის, წარმოების, დისტრიბუციის... სახელწოდება ბათუმის შოთა რუსთაველის სახელმწიფო უნივერსიტეტი,
გამოცემის, წარმოების, დისტრიბუციის... თარიღი 2022.
300 ## - ფიზიკური აღწერა
Extent 164 გვ.:
Dimensions 30 სმ.
653 ## - INDEX TERM--UNCONTROLLED
Uncontrolled term რეკრეაციული და სამკურნალო ტურიზმის განვითარების შესაძლებლობები ატიპიური ეკონომიკური კრიზისის პირობებში( აჭარის ავტონომიური რესპუბლიკის მაგალითზე)
653 ## - INDEX TERM--UNCONTROLLED
Uncontrolled term ეკონომიკა
653 ## - INDEX TERM--UNCONTROLLED
Uncontrolled term სადოქტორო ნაშრომი შესრულებულია ბიზნესის ადმინისტრირების დოქტორის აკადემიური ხარისხის მოსაპოვებლად
700 ## - ADDED ENTRY--PERSONAL NAME
Personal name მანველიძე, რეზო
Relator term სამეცნიერო ხელმძღვანელი
9 (RLIN) 1497
710 ## - ADDED ENTRY--CORPORATE NAME
Corporate name or jurisdiction name as entry element ბათუმის შოთა რუსთაველის სახელმწიფო უნივერსიტეტი ბიზნესის ადმინისტრირების მენეჯმენტის და მარკეტინგის დარგობრივი დეპარტამენტი
9 (RLIN) 14303
942 ## - ADDED ENTRY ELEMENTS (KOHA)
Source of classification or shelving scheme
Koha item type დისერტაცია
ეგზემპლარები
ჩამოწერის სტატუსი დაკარგული ეგზემპლარის სტატუსი კლასიფიკაციის წყარო ან თაროზე გაწყობის სქემა დაზიანების სტატუსი არ გაიცემა მუდმივი მდებარეობა (დაცვის ადგილი) ამჟამინდელი ადგილსამყოფელი თაროზე განთავსების ადგილი შეძენის თარიღი სრული შენახვის შიფრი შტრიხკოდი ბოლო ოპერაციის თარიღი ეგზემპლარის მიმდევრობითი ნომერი (კეტერი?) ფასის ძალაში შესვლის თარიღი ეგზემპლარის სახეობა
        არ გაიცემა ბათუმის შოთა რუსთაველის სახელმწიფო უნივერსიტეტის მთავარი ბიბლიოთეკა ბათუმის შოთა რუსთაველის სახელმწიფო უნივერსიტეტის მთავარი ბიბლიოთეკა წიგნსაცავი 2022-07-07 33 ბ-19 396დისერტაცია 2022-07-07 396დისერტაცია 2022-07-07 დისერტაცია